000 00943nas a2200289 4500
001 BR7200725
003 BR-BrBNA
005 20231205082356.0
007 ta
008 230509b bl.|||p| |||| 00| 00por d
040 _aBR-BrBNA
_bpor
_cBiblioteca Nacional de Agricultura
041 _a(Pt)
072 _aP12; U20
100 1 _aSa, P.R. de
245 1 _aSistematizacao - programas para calcular a terraplenagem das teclas de piano e as cotas de projeto de saltos dos canais e dos drenos de irrigacao
650 _aENGENHARIA RURAL
650 _aCANAL
650 _aIRRIGACAO
650 _aDRENAGEM
650 _aDADO
650 _aCOMPUTADOR
650 _aPROCESSAMENTO DA INFORMACAO
650 _aMECANIZACAO
773 0 _tBoletim Tecnico - Departamento Nacional de Obras Contra as Secas (Brazil)
_xISSN 0374-6658
_g(Jan 1972), v. 30(1) p. 9-44
_wBR7200725
909 _a202311
_bLúcia
_c55
_dLúcia Elande
942 _2AGRIS
_n0
_cANA
999 _c91290
_d91290